| 000 | 00771nam a22002177a 4500 | ||
|---|---|---|---|
| 999 |
_c18962 _d18962 |
||
| 003 | AR-CdUCM | ||
| 008 | 190516b ||||| |||| 00| 0 spa d | ||
| 040 |
_aMUNICIPALIDAD PROVINCIAL DEL CUSCO _cBIBLIOTECA MUNICIPAL DEL CUSCO |
||
| 082 |
_a371.308 / _bC592 |
||
| 100 |
_aClark, Donald D. _939914 |
||
| 245 | _aEnseñanza humanística / | ||
| 260 |
_aMéxico : _bGuadalupe, _c1973. |
||
| 300 |
_a214 páginas ; _c25 cm. |
||
| 440 |
_aColección estudios de la persona _n2 _939915 |
||
| 505 | _aContenido : Carta de los autores -- La escuela es para la gente pequeña y grande -- El aula como comunidad humana... | ||
| 650 |
_aAprendizaje _92143 |
||
| 650 |
_aEscuela _91856 |
||
| 650 |
_aSolución de problemas de aulas _939916 |
||
| 942 |
_2ddc _cLIBROS |
||
| 945 | _arcc | ||